Detalles MARC
| 000 -LIDER |
| fixed length control field |
01052nam a22003497a 4500 |
| 001 - NÚMERO DE CONTROL |
| Identificador de número de control |
0323 |
| 003 - IDENTIFICACDOR DE NÚMERO DE CONTROL |
| control field |
DO-SdBNP |
| 005 - DATE AND TIME OF LATEST TRANSACTION |
| control field |
20180209132251.0 |
| 007 - CAMPOS FIJOS DE DESCRIPCIÓN FÍSICA |
| fixed length control field |
0323 |
| 008 - ELEMENTOS DE LONGITUD FIJA |
| fixed length control field |
151005b 1993 sp 00| 0 a spa d |
| 020 ## - ISBN |
| International Standard Book Number |
8434812339 |
| 040 ## - FUENTE DE CATALOGACIÓN |
| Agencia que crea de manera original el registro |
BPMSU |
| Idioma de catalogación |
spa |
| Agencia que realiza la transcripción |
BPMSU |
| 092 ## - LOCALLY ASSIGNED DEWEY DECIMAL CALL NUMBER |
| Número de clasificación |
|
| Número de ítem (Cutter) |
|
| 100 1# - ASIENTO PRINCIPAL -- NOMBRE PERSONAL |
| Nombre personal |
Mateos, Pilar |
| 245 10 - MENCIÓN DE TITULO |
| Título |
Lucas y Lucas ; |
| Subtítulo |
el rapto de caballo gris / |
| Mención de responsabilidad |
Pilar Mateos; ilustración Chata Lucini |
| 246 ## - VARIACION DEL TÍTULO |
| Título propiamente dicho o título corto |
El rapto de caballo gris |
| 250 ## - MENCIÓN DE EDICION |
| Mención de edición |
11a. ed. |
| 260 ## - PUBLICACIÓN, DISTRIBUCIÓN, ETC. (PIE DE IMPRENTA) |
| Lugar de publicación, distribución, etc |
Madrid : |
| Nombre del editor, distribuidor, etc. |
Ediciones SM, |
| Fecha de publicación, distribución, etc |
1993 |
| 300 ## - DESCRIPCIÓN FÍSICA |
| Extensión |
84 p. : |
| Otros detalles físicos |
il. ; |
| Dimensiones |
19 cm. |
| 490 1# - MENCIÓN DE SERIES |
| Mención de serie |
El barco de vapor ; |
| -- |
Serie naranja; |
| Volume/sequential designation |
21 |
| 500 ## - NOTA GENERAL |
| Nota general |
Para niños a partir de 9 años |
| 521 1# - TARGET AUDIENCE NOTE |
| Target audience note |
A partir de los 9 años |
| 586 ## - AWARDS NOTE |
| Awards note |
Premio Lazarillo, 1982 |
| 700 12 - ASIENTO SECUNDARIO -- NOMBRE PERSONAL |
| Nombre personal |
Lucini, Chata |
| Mención de responsabilidad |
il. |
| 700 12 - ASIENTO SECUNDARIO -- NOMBRE PERSONAL |
| Nombre personal |
Terzi, Marinella |
| Mención de responsabilidad |
dir. colección |
| 740 ## - ASIENTO SECUNDARIO DE TÍTULOS RELACIONADOS O ANALÍTICOS NO CONTROLADOS |
| Título analítico o relacionado no controlado |
El rapto de caballo gris |
| 830 #0 - ASIENTO SECUNDARIO DE SERIE--TÍTULO UNIFORME |
| Título uniforme |
Barco de vapor |
| Número de la parte o sección de una obra |
21 |
| Nombre de la parte o sección de una obra |
Naranja |
| 942 ## - ADDED ENTRY ELEMENTS (KOHA) |
| Source of classification or shelving scheme |
Dewey Decimal Classification |
| Koha item type |
Libros |
| 945 ## - INFORMACIÓN DE PROCESAMIENTO LOCAL |
| Información de procesamiento local |
Inventariado, 2018/MFF |
| 956 ## - LOCAL ELECTRONIC LOCATION AND ACCESS (OCLC) |
| Nombre de host |
Yngrid Lockward |
| 956 ## - LOCAL ELECTRONIC LOCATION AND ACCESS (OCLC) |
| Nombre de host |
VMATEO |
| Número de acceso |
10 |
| Información de compresión |
20161123 |
| Trayectoria |
BPMSU |
| Nombre Electrónico |
0069 |